00539nam a22001457a 4500040000900000082001200009100004800021110005500069245006800124260004400192650002300236942001200259999001900271952010300290 cNUST a220 PRO aAreeb Ahmad Muhammad Hanzalah Qayyum985686 a Project Supervisor Dr. Sarmad Majeed Malik985687 aPR-SOF-2067-Demand Response for Energy Management in Smart Grid aISLAMABAD:bNUST COLLEGE OF EME,c2021. aDE-ELECT-39985688 2ddccPR c587057d587057 00102ddc4070aCEMEbCEMEcREFd2021-12-03l0o220 PROpPR-SOF-2067r2021-12-03w2021-12-03yREF